000 00315nam a2200121Ia 4500
008 220204s9999 xx 000 0 und d
082 _a577.218
_bBON
100 _aBONNER, John Tyler
245 0 _aMorphogenesis: An essay on development.
260 _aCalcutta
_bOxford& IBH
650 _aMorphogenesis
942 _cBK
999 _c21143
_d21143